00247nam a2200109Ia 4500008004100000041000800041082001200049100001300061245001300074260004200087300000800129220803s9999 xx 000 0 und d aeng a823 SHA aSharma S aWho Am ? aHaridwarbShri Vedmata Gayatri c2010 a86p